000 00508nam a2200217 454500
001 038122
003 BD-ChCU
008 Eng
020 _ax
040 _aDLC
_cDLC
_dBD-ChCU
082 0 0 _a157/CAA
100 1 _aCalhoun, James F.
_bx
245 1 0 _aAbnormal psychology
_bCurrent perspectives
250 _a2
260 _aN.Y.
_bRandom House
_c1977
300 _axiii, 577
504 _ax
650 0 _aPsychology, Pathological.
_bPsychology, Pathological.
700 1 _ax
942 _2ddc
_cBK
999 _c38122
_d38122